ՀՀ Գիտությունների ազգային ակադեմիայի հիմնարար գիտական գրադարան  =   Fundamental Scientific Library of NAS RA

Моцарт : (Record no. 168659)

MARC details
000 -LEADER
fixed length control field 01016nam a2200241 u 4500
001 - CONTROL NUMBER
control field 000462511
003 - CONTROL NUMBER IDENTIFIER
control field AM-YeHGA
005 - DATE AND TIME OF LATEST TRANSACTION
control field 20250617133630.0
008 - FIXED-LENGTH DATA ELEMENTS--GENERAL INFORMATION
fixed length control field 051109s1973 ||||||||||||||||||||rus|d
040 ## - CATALOGING SOURCE
Original cataloging agency AM-YeHGA
041 1# - LANGUAGE CODE
Language code of text/sound track or separate title rus
090 ## - LOCALLY ASSIGNED LC-TYPE CALL NUMBER (OCLC); LOCAL CALL NUMBER (RLIN)
-- 170091
100 1# - MAIN ENTRY--PERSONAL NAME
Personal name Чичерин, Георгий Васильевич
245 10 - TITLE STATEMENT
Title Моцарт :
Remainder of title Исслед. этюд /
Statement of responsibility, etc. Г. Чичерин ; Общ. ред., вступ. ст., коммент., пер. иностр. текста Е.Ф. Бронфин.
250 ## - EDITION STATEMENT
Edition statement 3-е изд.
260 ## - PUBLICATION, DISTRIBUTION, ETC.
Place of publication, distribution, etc. Ленинград :
Name of publisher, distributor, etc. Музыка,
Date of publication, distribution, etc. 1973.
300 ## - PHYSICAL DESCRIPTION
Extent 318 с. :
Other physical details портр., ил., нот. ил.
600 14 - SUBJECT ADDED ENTRY--PERSONAL NAME
Personal name Моцарт, Вольфганг Амадей
Dates associated with a name 1756-1791
650 14 - SUBJECT ADDED ENTRY--TOPICAL TERM
Topical term or geographic name entry element Композиторы австрийские
650 14 - SUBJECT ADDED ENTRY--TOPICAL TERM
Topical term or geographic name entry element Музыкальная культура
Geographic subdivision Австрия
653 0# - INDEX TERM--UNCONTROLLED
Uncontrolled term Австрийская музыка - 18 в.
700 1# - ADDED ENTRY--PERSONAL NAME
Personal name Бронфин, Е.Ф.
Relator term ред.
-- вступ. ст.
-- пер.
Relationship edt
-- aui
-- trl
Holdings
Withdrawn status Lost status Source of classification or shelving scheme Damaged status Not for loan Collection Home library Current library Date acquired Cost, normal purchase price Total checkouts Full call number Barcode Date last seen Price effective from Koha item type Public note
    Universal Decimal Classification     General Fundamental Scientific Library Fundamental Scientific Library 28/12/2016 2.00   PI/32859 FL0046902 28/12/2016 28/12/2016 Գրքեր / Books 30 Days Loan


ՀՀ ԳԱԱ հիմնարար գիտական գրադարան
ՀՀ,Երևան 0019
Մարշալ Բաղրամյան 24/6
հեռախոս:(374-10) 52-47-50
Հետադարձ կապ

All site content, except where otherwise noted, is licensed under a
Creative Commons License